Rub a líc moderních metod řízení
Poznámky autora článku k prieskumu s názvom Názory podniků na moderní metody řízení společnosti . Džungľa na trhu metód riadenia. Najfrekventovanejšie metódy riadenia. Manažérske rozhodovanie verzus metódy riadenia. Od metód k systémom riadenia.
Salvato in:
| Autore principale: | |
|---|---|
| Natura: | Capitolo di libro |
| Lingua: | ceco |
| Soggetti: | |
| Tags: |
Nessun Tag, puoi essere il primo ad aggiungerne!!
|
MARC
| LEADER | 00000naa a2200000 4500 | ||
|---|---|---|---|
| 001 | 0136568 | ||
| 005 | 20240315070633.8 | ||
| 041 | 0 | |a cze | |
| 044 | |a CZ | ||
| 245 | 1 | 0 | |a Rub a líc moderních metod řízení |c Endre Tóth |
| 520 | |a Poznámky autora článku k prieskumu s názvom Názory podniků na moderní metody řízení společnosti . Džungľa na trhu metód riadenia. Najfrekventovanejšie metódy riadenia. Manažérske rozhodovanie verzus metódy riadenia. Od metód k systémom riadenia. | ||
| 610 | 2 | 0 | |a riadenie podnikové |
| 610 | 2 | 0 | |a manažment |
| 610 | 2 | 0 | |a metódy riadenia |
| 610 | 2 | 0 | |a systémy informačné organizácií |
| 610 | 2 | 0 | |a rozhodovanie manažérske |
| 100 | 1 | |a Tóth, Endre | |